<Der> Test Zeitschrift der Stiftung Warentest

Salvato in:
Dettagli Bibliografici
Natura: Periodico
Lingua:tedesco
Pubblicazione: Berlin Stiftung Warentest 1993
Soggetti:
Tags: Aggiungi Tag
Nessun Tag, puoi essere il primo ad aggiungerne!!

MARC

LEADER 00000nas2a2200000 4500
001 s014042
005 20240109100140.3
022 |a 0040-3946 
041 0 |a ger 
044 |a DE 
245 1 0 |a <Der> Test  |b Zeitschrift der Stiftung Warentest 
264 1 |a Berlin  |b Stiftung Warentest  |c 1993 
300 |a 2 zv. 
773 0 |w eu_un_cat*s120627 
610 2 0 |a tovaroznalectvo 
610 2 0 |a testovanie výrobkov